00486nam a22001577a 4500020001800000040000900018082001600027100002500043110002800068245005900096250000800155260002900163942001200192999001900204952010500223 a9780134859286 cNUST a620.112 UGU aUgural, A. C.984121 aFenster, Saul K 984122 aAdvanced Mechanics of Materials and Applied Elasticity a6th aBoston:bPearson,c2020. 2ddccBK c586750d586750 00102ddc4070aCEMEbCEMEcGENd2021-11-15l0o620.112 UGUpCEME-50213r2021-11-15w2021-11-15yBK